|
|
|
|
| LEADER |
00000nam0a2200000 4500 |
| 001 |
47801 |
| 005 |
20231031030530.0 |
| 010 |
|
|
|a 5247024109
|
| 035 |
|
|
|a (RuTPU)RU\TPU\book\49963
|
| 090 |
|
|
|a 47801
|
| 100 |
|
|
|a 20030226d1990 km y0rusy50 ca
|
| 101 |
0 |
|
|a rus
|
| 102 |
|
|
|a RU
|
| 105 |
|
|
|a k l 000zy
|
| 200 |
1 |
|
|a Правила безопасности при разведке и разработке нефтяных и газовых месторождений на континентальном шельфе СССР
|e Согласованы ЦК профсоюза рабочих нефтяной и газовой промышленности 9 октября 1986 г.
|e Утверждены Госгортехнадзором СССР 13 мая 1987 г. Министерством газовой промышленности СССР 12 мая 1987 г.
|f Госгортехнадзор СССР
|
| 210 |
|
|
|a Москва
|c Недра
|d 1990
|
| 215 |
|
|
|a 108 с.
|c ил.
|
| 610 |
1 |
|
|a геология
|
| 610 |
1 |
|
|a СССР
|
| 610 |
1 |
|
|a нефтяные месторождения
|
| 610 |
1 |
|
|a газовые месторождения
|
| 610 |
1 |
|
|a бурение
|
| 610 |
1 |
|
|a разведка
|
| 610 |
1 |
|
|a разработка
|
| 610 |
1 |
|
|a безопасность
|
| 610 |
1 |
|
|a правила безопасности
|
| 675 |
|
|
|a 553.98:550.8
|v 3
|
| 675 |
|
|
|a 622.323.012:658.3
|v 3
|
| 712 |
0 |
1 |
|a СССР
|b Государственный комитет по надзору за безопасным ведением работ в промышленности и горному надзору (Госгортехнадзор СССР)
|c (1966-1990)
|2 stltpush
|3 (RuTPU)RU\TPU\col\2122
|
| 801 |
|
1 |
|a RU
|b 63413507
|c 20030226
|g PSBO
|
| 801 |
|
2 |
|a RU
|b 63413507
|c 20150323
|g PSBO
|
| 942 |
|
|
|c BK
|